Virreyes y virreinas de la Nueva España / (Record no. 149981)

MARC details
000 -LEADER
campo de control de longitud fija 00612nam a2200205 i 4500
001 - NÚMERO DE CONTROL
campo de control 149981
003 - IDENTIFICADOR DE NÚMERO DE CONTROL
campo de control ES-MaACL
005 - FECHA Y HORA DE LA ÚLTIMA TRANSACCIÓN
campo de control 20230906203332.0
007 - CAMPO FIJO DE DESCRIPCIÓN FÍSICA--INFORMACIÓN GENERAL
campo de control de longitud fija t|
008 - DATOS DE LONGITUD FIJA--INFORMACIÓN GENERAL
campo de control de longitud fija 071025s1952 mx ||||1| spa d
100 1# - ENTRADA PRINCIPAL--NOMBRE DE PERSONA
Nombre de persona Valle-Arizpe, Artemio de.
9 (RLIN) 112780
245 10 - MENCIÓN DEL TÍTULO
Título Virreyes y virreinas de la Nueva España /
Mención de responsabilidad, etc. Artemio de Valle-Arizpe ; nota preliminar de F. S. R.
260 ## - PUBLICACIÓN, DISTRIBUCIÓN, ETC.
Lugar de publicación, distribución, etc. Madrid :
Nombre del editor, distribuidor, etc. [Aguilar,
Fecha de publicación, distribución, etc. 1952]
300 ## - DESCRIPCIÓN FÍSICA
Extensión 705 p. :
Otras características físicas il. ;
Dimensiones 12 cm.
490 1# - MENCIÓN DE SERIE
Mención de serie Crisol ;
Designación de volumen o secuencia 357
500 ## - NOTA GENERAL
Nota general Retr. aut.
830 0# - PUNTO DE ACCESO ADICIONAL DE SERIE-TÍTULO UNIFORME
Título uniforme Crisol ;
Designación de volumen o secuencia 357
9 (RLIN) 180848
852 ## - LOCALIZACIÓN
Ubicación ES-MaACL
Número de control de estantería D-8386
Sublocalización o colección R.32961
Holdings
Estatus retirado Estado de pérdida Estado de daño No para préstamo Biblioteca de origen Biblioteca actual Ubicación en estantería Fecha de adquisición Fuente de adquisición Total de préstamos Signatura topográfica completa Código de barras Visto por última vez Precio de reemplazo Tipo de ítem Koha
        Biblioteca del Ateneo de Madrid Biblioteca del Ateneo de Madrid Sala Valle Inclán 17/01/2008     D-8386 901156504 23/02/2023 23/02/2023 Libro impreso